000 00777cam a2200265 4500
001 sa 68018118
003 DLC
005 20260227112708.0
008 710503s1968 ii b 00100 eng
010 _asa 68018118 //r842
025 _aPL480:I-E-11101
043 _aa-ii---
_ae-ne---
050 0 _aDS485.B48
_bD29 1968
100 1 0 _aDatta, Kalikinkar,
_d1905-
245 0 4 _aThe Dutch in Bengal and Bihar, 1740-1825 A.D.
250 _a[2d rev. & enl. ed.]
260 0 _aDelhi,
_bMotilal Banarsidass
_c[1968]
300 _a200 p.
_c22 cm.
350 _a10.00
504 _aBibliography: p. [181]-184.
651 0 _aBengal (India)
_xHistory.
651 0 _aBihar (India)
_xHistory.
651 0 _aNetherlands
_xCommerce
_zIndia.
651 0 _aIndia
_xCommerce
_zNetherlands.
999 _c88191
_d88191